000 00204nam a2200109Ia 4500
100 _aFORSYTH/FREDERICK
942 _cBK
245 _aFOURTH PROTOCOL
260 _b#N/A
546 _aENGLISH
999 _c35314
_d35314